LEADER 01662nam a2200301 i 4500 001 991002910929707536 005 20020509104936.0 008 990324s1978 it ||| | ita 035 $ab11079794-39ule_inst 035 $aPARLA171416$9ExL 040 $aDip.to Filosofia$bita 082 0 $a901.9 245 02$aL'Europa cristiana nel rapporto con le altre culture nel secolo 17 :$batti del Convegno di studio di Santa Margherita Ligure :$b19-21 maggio 1977 /$cscritti di Dino Pastine ...[et al.] 260 $aFirenze :$bLa nuova Italia,$c1978 300 $aXVI, 172 p. ;$c24 cm. 490 0 $aPubblicazioni del Centro di studi del pensiero filosofico del Cinquecento e del Seicento in relazione ai problemi della scienza Ser. 1, Studi ;$v12 500 $aAtti del Convegno di studio di Santa Margherita Ligure : 19-21 maggio 1977. 650 4$aCiviltą occidentale e civilta orientale$ySec. 17.$xCongressi$y1977 650 4$aCongressi$zSanta Margherita Ligure$y1977 700 1 $aPastine, Dino$eauthor$4http://id.loc.gov/vocabulary/relators/aut$0206217 907 $a.b11079794$b23-02-17$c28-06-02 912 $a991002910929707536 945 $aLE005 MF 21 L 18$g1$i2005000051456$lle005$o-$pE0.00$q-$rl$s- $t0$u0$v0$w0$x0$y.i11209896$z28-06-02 945 $aLE005IF XLII H 6$g1$iLE005IFA-16496$lle005$o-$pE0.00$q-$rl$s- $t0$u0$v0$w0$x0$y.i11209902$z28-06-02 945 $aLE009 STOR.99-112$g1$i2009000393424$lle009$o-$pE0.00$q-$rl$s- $t0$u1$v0$w1$x0$y.i13032471$z26-11-03 996 $aEuropa cristiana nel rapporto con le altre culture nel secolo 17$91456794 997 $aUNISALENTO 998 $a(2)le005$ale009$b01-01-99$cm$da $e-$fita$git $h2$i3 LEADER 01449nam 2200493 450 001 9910824655203321 005 20230124193934.0 010 $a1-84540-924-8 035 $a(CKB)3710000000973220 035 $a(MiAaPQ)EBC4770263 035 $a(Au-PeEL)EBL4770263 035 $a(CaPaEBR)ebr11317995 035 $a(CaONFJC)MIL978997 035 $a(OCoLC)967109137 035 $a(EXLCZ)993710000000973220 100 $a20170104h20162016 uy 0 101 0 $aeng 135 $aurcnu|||||||| 181 $2rdacontent 182 $2rdamedia 183 $2rdacarrier 200 10$aYour brain's politics $ehow the science of mind explains the political divide /$fGeorge Lakoff and Elisabeth Wehling 210 1$aExeter, England :$cImprint Academic,$d2016. 210 4$d©2016 215 $a1 online resource (93 pages) 311 $a1-84540-921-3 320 $aIncludes bibliographical references. 606 $aPolitical psychology 606 $aCognitive science 606 $aCommunication in politics 615 0$aPolitical psychology. 615 0$aCognitive science. 615 0$aCommunication in politics. 676 $a320.019 686 $a04.04$2EP-CLASS 700 $aLakoff$b George$0200324 702 $aWehling$b Elisabeth 801 0$bMiAaPQ 801 1$bMiAaPQ 801 2$bMiAaPQ 906 $aBOOK 912 $a9910824655203321 996 $aYour brain's politics$94033371 997 $aUNINA